Funkční měniče a násobičky

Gespeichert in:
Bibliographische Detailangaben
1. Verfasser: Kabeš, Karel (Verfasst von)
Format: Buch
Sprache:Tschechisch
Veröffentlicht: Praha : SNTL, 1973
Tags: Tag hinzufügen
Keine Tags, Fügen Sie das erste Tag hinzu!

MARC

LEADER 00000nam a22000003a 4500
001 stu33974
005 20150617225734.3
008 981116s1973------------------------cze-d
040 |a STU  |b slo 
041 0 |a cze 
080 |a 681.325.5 
100 1 |a Kabeš, Karel  |4 aut 
245 1 |a Funkční měniče a násobičky 
260 |a Praha :  |b SNTL,  |c 1973 
300 |a 285 s 
996 |b 284EK05468  |c E*31049  |l EE01  |s A  |a 24  |w stu33974_0001 
996 |c I*2C1865  |l I  |s A  |a 24  |w stu33974_0002 
996 |b E33299  |c E*33299  |l EE15  |s P  |a 0  |w stu33974_0003